000 00566nam a2200181Ia 4500
008 090124s9999 xx 000 0 und d
082 _b133992
_a103528
100 _aनरवणे सुधा
245 _a व्हाईट मुघल्स
250 _a1
260 _bडॅलरिंपल विल्यम
_c2006
300 _a433
600 _aनरवणे सुधा
630 _a व्हाईट मुघल्स
700 _aनरवणे सुधा
730 _a व्हाईट मुघल्स
942 _cBOOK
999 _c180602
_d180602